00859nam a22002297a 45000010005000000030004000050050017000090080041000260200018000670200018000850400018001030500015001212450119001362600042002553000045002974900021003425000022003636500049003859420022004349990015004569520158004713057HMS20251216155020.0251216b cl ||||| |||| 00| 0 spa d a9781416029977 a9788480862110 ahmsbspachms04aWO600 D44610aEstiramiento facial avanzado /cEditado por Ronald Moy, Edgar Fincher ; Editor de la serie Jeffrey Doverh[libro] aMadrid, España :bElsevier,cc 2007 a201 páginas :bilustraciones ;c27 cm.0 aElsevier Sauders aIncluye índice  7aProcedimientos de Cirugía Plástica95060 2lcccCOL. RES.n0 c3057d3057 00102lcc40708Col. Res.aBHMSbBHMScFull Spaced2025-12-16i000620l0oWO600 D446 1ªed 2007p000620r2025-12-16 12:19:00tc.1w2025-12-16yCOL. RES.